000 00852nam a22002777a 4500
003 CHAP
005 20220329135405.0
008 971013s r 00010 d
010 _a35556
011 _a36528
035 _a40647
040 _cCHAP
090 _aFolleto 2432
110 _aMéxico. Secretaría de Comunicaciones y Transportes
_977157
245 _aMéxico 68
_b: Torre Central de Telecomunicaciones
260 _a(s.l. :
_bs.e.),
_c(s.a.)
300 _as.p.
_b: ilus
590 _aBATCH-UPD
_b10
_c20130109
_lUCH01
_h2350
590 _aBATCH-UPD
_b10
_c20130409
_lUCH01
_h1921
590 _aBATCH-UPD
_b10
_c20130914
_lUCH01
_h2043
590 _aCONVERSION
_b10
_c20130109
_lUCH01
_h1320
650 1 4 _aTelecomunicaciones
_xMéxico.
_9112080
901 _aBK
942 _cFOLL
949 _aFolleto 2432
_bBC
_cFOLL
_d-92872
_eTS1
_i40647
_mD
_si
999 _c35556
_d35556